| Tag |
First Indicator |
Second Indicator |
Subfields |
| LEADER |
00000cam a2200000 a 4500 |
| 001 |
in00000031140 |
| 005 |
20151007060312.0 |
| 008 |
871201s1988 ctuaf b 00110 eng |
| 010 |
|
|
|a 87034503
|
| 020 |
|
|
|a 0819551929
|
| 035 |
|
|
|a (OCoLC)17259219
|
| 035 |
|
|
|9 AAC0528AM
|
| 040 |
|
|
|a DLC
|c DLC
|d TXA
|d UtOrBLW
|
| 043 |
|
|
|a nwcu---
|
| 049 |
|
|
|a TXAM
|c [A11691706]
|
| 050 |
0 |
0 |
|a F1783
|b .P25 1988
|
| 082 |
0 |
|
|a 972.91/05
|2 19
|
| 100 |
1 |
|
|a Paquette, Robert L.,
|d 1951-
|
| 245 |
1 |
0 |
|a Sugar is made with blood :
|b the conspiracy of La Escalera and the conflict between empires over slavery in Cuba /
|c Robert L. Paquette.
|
| 250 |
|
|
|a 1st ed.
|
| 264 |
|
1 |
|a Middletown, Conn. :
|b Wesleyan University Press,
|c [1988]
|
| 264 |
|
4 |
|c ©1988
|
| 300 |
|
|
|a xvi, 346 pages, 24 unnumbered pages of plates :
|b illustrations
|
| 336 |
|
|
|a text
|b txt
|2 rdacontent
|
| 337 |
|
|
|a unmediated
|b n
|2 rdamedia
|
| 338 |
|
|
|a volume
|b nc
|2 rdacarrier
|
| 504 |
|
|
|a Includes bibliographical references (pages 277-328) and index.
|
| 651 |
|
0 |
|a Cuba
|x History
|y Negro Conspiracy, 1844.
|
| 650 |
|
0 |
|a Slavery
|z Cuba
|x History.
|
| 651 |
|
0 |
|a Cuba
|x Race relations.
|
| 999 |
|
|
|a MARS
|
| 999 |
f |
f |
|s 620b6a73-f3a2-3aea-8baa-7625aa67a53a
|i a15328e3-a251-3bf6-b5cd-c0810bbc0c66
|t 0
|
| 952 |
f |
f |
|p normal
|a Texas A&M University
|b College Station
|c Sterling C. Evans Library
|d Evans: Library Stacks
|t 0
|e F1783 .P25 1988
|h Library of Congress classification
|i unmediated -- volume
|m A14811691706
|
| 998 |
f |
f |
|a F1783 .P25 1988
|t 0
|l Evans: Library Stacks
|